000 00628nam a2200205Ii 4500
003 JO-AjNU
008 230605s9999||||xx |||||||||||||| ||und||
017 _a1999/7/1169
040 _aJO-AjNU
_bara
_erda
_cJO-AjNU
041 _aara
050 1 4 _aPJ7561.R39 1999
100 3 _aالرواشدة،سامح,
_eauthor
_919598
245 0 0 _aفضاءات الشعرية
264 3 1 _aإربد:المركز القومي للنشر،1999
300 _a113ص
336 _atext
_btxt
_2rdacontent
337 _aunmediated
_bn
_2rdamedia
338 _avolume
_bnc
_2rdacarrier
650 4 _aالآداب-الشعر العربي
_919599
999 _aA6495
_c10063
_d10063